|
|
|
|
| LEADER |
01677cas a2200241 a 4500 |
| 001 |
AALejournalIMF011149 |
| 008 |
230101c9999 xx r poo 0 0eng d |
| 020 |
|
|
|c 50.00 USD
|
| 020 |
|
|
|z 9781616352004
|
| 022 |
|
|
|a 0250-7366
|
| 040 |
|
|
|a BD-DhAAL
|c BD-DhAAL
|
| 110 |
2 |
|
|a International Monetary Fund.
|b Monetary and Capital Markets Department.
|
| 245 |
1 |
0 |
|a Annual Report on Exchange Arrangements and Exchange Restrictions 1986.
|
| 264 |
|
1 |
|a Washington, D.C. :
|b International Monetary Fund,
|c 1986.
|
| 300 |
|
|
|a 1 online resource (584 pages)
|
| 490 |
1 |
|
|a Annual Report on Exchange Arrangements and Exchange Restrictions
|
| 500 |
|
|
|a <strong>Off-Campus Access:</strong> No User ID or Password Required
|
| 500 |
|
|
|a <strong>On-Campus Access:</strong> No User ID or Password Required
|
| 506 |
|
|
|a Electronic access restricted to authorized BRAC University faculty, staff and students
|
| 520 |
3 |
|
|a This report describes developments in the international exchange rate and restrictive systems. The period covered by this report is 1985 and, for major developments, the first quarter of 1986. The report highlights that a salient feature of exchange rate developments in 1985 was the weakening of the U.S. dollar, following four consecutive years of appreciation. As a result, the currencies of most of the other major industrial countries appreciated against the U.S. dollar and in nominal effective terms.
|
| 538 |
|
|
|a Mode of access: Internet
|
| 830 |
|
0 |
|a Annual Report on Exchange Arrangements and Exchange Restrictions; 1986
|
| 856 |
4 |
0 |
|z Full text available on IMF
|u http://elibrary.imf.org/view/books/012/11936-9781616352004-en/11936-9781616352004-en-book.xml
|z IMF e-Library
|